| Registos Bibliográficos associados ao registo de autoridade |
|
Etiqueta de registo: 00254nam 2200025 450 001 2239983 003 http://id.bnportugal.gov.pt/bib/catbnp/2239983 100 ## $a20251222d2024 k y0pory01030103ba 101 0# $aeng$dpor 102 ## $aPT 105 ## $aa m 000yy 106 ## $ar 200 1# $aNature-inspired synthesis of novel amino-based flavylium and pyranoflavylium dyes$ethermodynamic, kinetic and photochemical studies towards different applications$fPaula Alexandra Carneiro Araújo$gorient. Victor Armando Pereira de Freitas, Joana Alexandra da Silva Oliveira 210 #9 $aPorto$c[s.n.],$d2024 215 ## $aXXXIX, 224 p.$cil.$d30 cm 328 #1 $aTese dout. Química Sustentável, Faculdade de Ciências, Universidade do Porto, Universidade
de Aveiro, Faculdade de Ciências e Tecnologia da Universidade Nova de Lisboa, 2024
675 ## $a66.09(043)$vBN$zpor$31234055 700 #1 $aAraújo,$bPaula Alexandra Carneiro $31974728 702 #1 $aSilva,$bJoana Alexandra da Silva Oliveira Pinto da$4727$31923801 702 #1 $aFreitas,$bVictor Armando Pereira de$4727$31210294 801 #0 $aPT$bBN$gRPC 856 40 $2Cópia digital disponível no Repositório Aberto da Universidade do Porto$uhttps://hdl.handle.net/10216/164829 966 ## $lBN$mFGMON$sS.A. 192890 V.$x1 971 ## $cjbeatriz$d20251222 972 ## $e0$z0$d20260127$vabrito 973 ## $cigoulao$d20260121 975 ## $e0$d20260202$viquintas
|
|
|